000 00463 a2200157 4500
005 20250715055537.0
020 _a978-1-539-22975-9
082 _a340.03 GAR
100 _aGARNER, B. A.
245 _aBlack law dictionary
250 _a11th Ed.
260 _aSt. Paul,
_bThomson Reuters,
_c2019.
300 _axxxiii, 2075p.; ill.: map.
_c26cm.
700 _aGARNER H. C. & JACKSON, T. & MOLER, B. R. & MOLER, B. R. & NEWMAN, J.
942 _2ddc
_cBKS
999 _c6722
_d6722